CREDIT CARDS LEGAL GUIDE WITH SPECIAL REFERENCE TO CREDIT CARDS FRAUDS (Record no. 9724)
[ view plain ]
| 000 -LEADER | |
|---|---|
| fixed length control field | 00381nam a22001577a 4500 |
| 003 - CONTROL NUMBER IDENTIFIER | |
| control field | SGT |
| 020 ## - INTERNATIONAL STANDARD BOOK NUMBER | |
| International Standard Book Number | 9788175347601 |
| 082 ## - DEWEY DECIMAL CLASSIFICATION NUMBER | |
| Classification number | 332.765,MEH |
| 100 ## - MAIN ENTRY--PERSONAL NAME | |
| Personal name | MEHTA,RUPA |
| 245 ## - TITLE STATEMENT | |
| Title | CREDIT CARDS LEGAL GUIDE WITH SPECIAL REFERENCE TO CREDIT CARDS FRAUDS |
| 250 ## - EDITION STATEMENT | |
| Edition statement | ND |
| 260 ## - PUBLICATION, DISTRIBUTION, ETC. (IMPRINT) | |
| Place of publication, distribution, etc | NEW DELHI |
| Name of publisher, distributor, etc | UNIVERSAL BOOKS |
| Year of Publication | 2009 |
| 300 ## - PAGE DESCRIPTION | |
| No. of Pages | 306 |
| 650 ## - SUBJECT ADDED ENTRY--TOPICAL TERM | |
| Topical term or geographic name as entry element | BANKING LAW |
| 942 ## - ADDED ENTRY ELEMENTS (KOHA) | |
| Source of classification or shelving scheme | Dewey Decimal Classification |
| Koha item type | Books |
| Withdrawn status | Lost status | Source of classification or shelving scheme | Damaged status | Not for loan | Collection code | Home library | Current library | Shelving location | Date acquired | Vendor Name | Cost, normal purchase price | SGTU | Bill Number | Total Checkouts | Full call number | Accession No. (Barcode) | Date last seen | Bill Date | Koha item type |
|---|---|---|---|---|---|---|---|---|---|---|---|---|---|---|---|---|---|---|---|
| Dewey Decimal Classification | LAW | SGT Science & Social Sciences Library | SGT Science & Social Sciences Library | Text Book | 30/07/2016 | JUPITER LAW HOUSE | 375.00 | SGTU | 856 | 332.765,MEH | FL352 | 30/07/2016 | 31/10/2014 | Books | |||||
| Dewey Decimal Classification | LAW | SGT Science & Social Sciences Library | SGT Science & Social Sciences Library | Text Book | 30/07/2016 | JUPITER LAW HOUSE | 375.00 | SGTU | 856 | 332.765,MEH | FL353 | 30/07/2016 | 31/10/2014 | Books |